000 00428nam a2200145Ia 4500
008 211109s9999||||xx |||||||||||||| ||und||
082 _a823
_bWAL-H
100 _aWalsh, John H
245 0 _aHeritage of Wonder Stories
260 _bLONGMANS GREEN & Co.
_aLondon
_c1950
300 _a179p.
630 _xGeneral Stack
650 _aEnglish Literature
_vEnglish FictionEnglish NovelEngish Short Stories
_xGeneralia
942 _cBOOK
999 _c14675
_d14675